Responses for show #7903 - Wednesday, January 9, 2019

Contestants

Evan Caris, a student and writer from Decatur, Georgia

Siobhan Fabio, an attorney from Little Rock, Arkansas

Jessica Holloway, an art education student from The Woodlands, Texas (whose 1-day cash winnings total $26,001)

Jeopardy! Round responses

WHEEL OF JEOPARDY!
FOOD & DRINK
THE BOOK'S CENSORED EDITIONS
HISTORY
CHARLES DARWIN
THE VOYAGE OF A BEAGLE
    $200 11
backgammon

Jessica
    $200 1
Kool-Aid

Triple Stumper
    $200 16
Antony and Cleopatra

Siobhan
    $200 6
Hannibal

Evan
    $200 22
(Jessica: What is adaptation?)

evolution

JessicaSiobhan
    $200 21
(Jessica: What is World War II?)

World War I

JessicaEvan
    $400 12
a group hug

Jessica
    $400 2
Margherita

Jessica
    $2,000 17
The Arabian Nights

Siobhan
    $400 7
the Armada

Evan
    $400 23
(Jessica: What is The Origin of the Species?)

The Origin of Species

JessicaEvan
    $400 27
Woodstock

Jessica
    $600 13
tossing and turning

Jessica
    $600 3
menudo

Jessica
    $600 18
His Dark Materials

Jessica
    $600 8
Yom Kippur

Jessica
    $600 24
pigeons

Evan
    $600 28
a sled

Evan
    $800 14
station wagon

Jessica
    $800 4
grenadine

Jessica
    $800 19
(Siobhan: What is The Portrait of Dorian Gray?)

Picture of Dorian Gray

JessicaSiobhan
    $800 9
the Teapot Dome scandal

Siobhan
    $800 25
Westminster Abbey

Siobhan
    $800 29
Joe Cool

Triple Stumper
    $1000 15
[Applause for Jessica running the category.]
(Alex: [To Jessica] You know, maybe you should try out for that other program. Pat and Vanna would love to welcome you, I'm sure.)

Saint Paul

Jessica
    $1000 5
horseradish

Triple Stumper
    $1000 20
Sister Carrie

Triple Stumper
    $1000 10
the Bastille

Siobhan
    $1000 26
barnacles

Jessica
    $1000 30
the Moon

Triple Stumper

Scores at the first commercial break (after clue 15):

Jessica Siobhan Evan
$5,400 $1,800 $600

Scores at the end of the Jeopardy! Round:

Jessica Siobhan Evan
$7,400 $4,200 $2,400

Double Jeopardy! Round responses

BARTLETT'S, A TO Z
PLACES
COMPOSING, DECOMPOSING
"Q" INSIDE
FOREIGN FILM AWARDS
ERGONOMIC INJURIES
    $400 24
Charles Addams

Triple Stumper
    $400 1
the Yukon

Siobhan
    $400 7
(Richard) Wagner

Siobhan
    $400 6
a banquet

Siobhan
    $400 17
David

Evan
    $400 16
(Jessica: What is the hand?)

the ankle

JessicaEvan
    $800 23
Gandhi

Siobhan
    $800 2
Sochi

Evan
    $800 8
(Evan: Who is Puccini?)

(Giuseppe) Verdi

JessicaEvan
    $800 9
squall

Evan
    $800 18
Godzilla

Jessica
    $800 20
tennis elbow

Evan
    $1200 25
Liberace

Siobhan
    $1,200 3
the Aegean

Evan
    $1200 10
Brahms

Siobhan
    $1200 13
(Evan: What is mango?)

the kumquat

SiobhanEvan
    $1200 19
Pedro Almodóvar

Triple Stumper
    $1200 28
a trigger finger

Siobhan
    $1600 26
(Ezra) Pound

Siobhan
    $1600 4
Melbourne

Siobhan
    $1600 11
Haydn

Siobhan
    $1600 14
sobriquet

Triple Stumper
    $1600 21
La Vie en Rose

Jessica
    $1600 29
long haul

Evan
    $1,600 27
(Emiliano) Zapata

Siobhan
    $2000 5
Angel Falls

Jessica
    $2000 12
Mendelssohn

Siobhan
    $2000 15
tranquil

Jessica
    $2000 22
Germany

Evan
    $2000 30
your rotator cuff

Triple Stumper

Scores at the end of the Double Jeopardy! Round:

Jessica Siobhan Evan
$14,200 $19,400 $8,400

[wagering suggestions for these scores]

Final Jeopardy! Round responses

TV DRAMAS
EvanWhat is
$5,801
JessicaWhat is The Sopranos
$14,200
SiobhanWhat is Mozart in the
$9,001
The Sopranos

Final scores:

Jessica Siobhan Evan
$28,400 $10,399 $2,599
2-day champion: $54,401 2nd place: $2,000 3rd place: $1,000

Game dynamics:

Coryat scores:

Jessica Siobhan Evan
$14,200 $18,200 $8,400
18 R,
4 W
19 R
(including 2 DDs),
1 W
14 R
(including 1 DD),
2 W

Combined Coryat: $40,800

The J! Archive is created by fans, for fans. The Jeopardy! game show and all elements thereof, including but not limited to copyright and trademark thereto, are the property of Jeopardy Productions, Inc. and are protected under law. This website is not affiliated with, sponsored by, or operated by Jeopardy Productions, Inc. Join the discussion at JBoard.tv.